Statistics for Geography 2-in-1: Coldest or Largest Countries

Click here to take the quiz!

General Stats

  • This quiz has been taken 103 times
  • The average score is 16 of 18

Answer Stats

Country% Correct
Russia
100%
Canada
99%
China
99%
Norway
98%
Finland
98%
United States
98%
Brazil
98%
Sweden
97%
Iceland
95%
India
93%
Australia
93%
Kazakhstan
91%
Mongolia
90%
Argentina
88%
Estonia
84%
Algeria
83%
Kyrgyzstan
47%
Tajikistan
46%

Score Distribution

Percentile by Number Answered

Percent of People with Each Score

Your Score History

You have not taken this quiz